LEADER 00843nam a2200217 i 4500 001 000000230150 003 CaOOAMICUS 005 20140528000000.0 008 140528s1777 it u000 u fre u 013 $a209052 026 $au.er aur- n.i- fama (7) 1777 (R) 040 $aSeMil$bita 245 10$aTome 2. 300 $a216, [4] p. 500 $aSegn. : A-N8 O6. 773 0 $tTraité du droit naturel, & de l'application de ses principes au droit civil et au droit des gens; ouvrage posthume de mr. Vicat, docteur & professeur en droit a Lausanne. Tome 1. [-4.].$dA Lausanne : Société typographique, 1777.$g2$w()29996 850 $aSeMil 852 $aSeMil$W1$xVenegono$y1$m2R III 60 FA$j180496$B180496$CSeMilBibl$Z2$F191480 $8I 941 1 $a10 961 $aRecupero: Mantegazza 996 $6245$aTome 2$9(OLS)http://semarc/title/1533 LEADER 01473nam a2200361 i 4500 001 000000196461 003 CaOOAMICUS 005 20210209150718.0 008 140718s1929 it u000 u fre u 013 $a175143 040 $aSeMil$bita 100 0 $aBernardus : Claraevallensis,$c.$0(OLS)http://semarc/name/89153 245 10$aTraité de l'amour de Dieu /$csaint Bernardo ; traduction nouvelle par H. M. Delsart. 250 $a4. ed. révue et corrigée. 260 $aParis :$bLethielleux,$c1929. 260 $aParis ; Lille ; Bruges :$bDesclée de Brouwer & Cie,$c1929. 300 $a96 p. ;$a19 cm 490 0 $aPax ;$v2 500 $aIn calce al front. : Abbaye di Maredsous. - Fondo card. Giovanni Colombo. 700 1 $aDelsart, H. M.$0(OLS)http://semarc/name/68544 830 0$aPax ;$v2.$0(OLS)http://semarc/title/30335 850 $aSeMil 852 $aSeMil$W1$xVenegono$y1$m3GC IV 64$j147024$B147024$CSeMilBibl$Z2$F158632 $8B 900 1 $aBernardo : di Chiaravalle. 900 1 $aSan Bernardo. 941 1 $a3 961 $aLascito: Colombo Card. Giovanni 996 $6245$aTraité de l'amour de Dieu$9(OLS)http://semarc/title/268495 996 $6260$aParis ; Lille ; Bruges :$bDesclée de Brouwer & Cie$9(OLS)http://semarc/publisher/38397 996 $6260$aParis :$bLethielleux$9(OLS)http://semarc/publisher/30156